Documentos do Espírito Santo

Rota estratégica para o futuro do Espirito Santo: Economia criativa 2035.

Detalles Bibliográficos
Outros autores: Federação das indústrias do Estado do Espírito Santo - FINDES, Varejão, Silvia Buzzone de Souza (coord.), Silva, Marília Gabriela Elias da (coord.), Almeida, Gabriela Vichi Abel de, Araujo, Lucas Teixeira, Carvalho, Samara Poppe, Duarte, Jordana Teatini, Diirr, Nathan Marques, Ferreira, Taís Regina da Silva, Leal, Rafael Almeida, Lemos, Maria Isabel Louzada, Machado, Jane Alves, Meira, Suiani Febroni, Miqueletto, Paula Brandão, Motoki, Patricia Sakaguti, Morais, Marcos Vinicius Chaves, Mozer, Thais Maria, Renault, Gregory, Rocha, Grazielly da Silva, Thomazelli, Joelson Carletti, Serviço de Apoio às micro e Pequenas Empresas do Espírito Santo - SEBRAE, Secretaria da Cultura do Espírito Santo - SECULT, Nunes, Alan Torres, Aguilar, Balmore Alírio Cruz, Santos, Bruno Novais Matias dos, Ferreira, Carolina Coelho, Venturim, Cristiano, Santos, Flaviana Silva de Oliveira, Brunoro Junior, Francisco Carlos, Brito, Mirian de, Villagra, Katia, Bonn, Mateus
Formato: Documentos do Espírito Santo
Idioma:Português
Publicado: Vitória: Senai - DR/ES, 2023.
Series:Roadmap da Economia Criativa
Assuntos:
Acceso en liña:https://observatoriofindes.com.br/wp-content/uploads/2024/12/rota_economia_criativa_2035-1.pdf
https://observatoriofindes.com.br/wp-content/uploads/2024/12/roadmap_economia_criativa_2035-1.pdf
https://observatoriofindes.com.br/rotas-estrategicas/
Localización:ES02109
LEADER 02887nam a22006377a 4500
005 20260630162804.0
110 2 |a Federação das indústrias do Estado do Espírito Santo - FINDES  |9 49014 
245 0 0 |a Rota estratégica para o futuro do Espirito Santo:  |b Economia criativa 2035. 
260 |a Vitória:  |b Senai - DR/ES,  |c 2023. 
300 |a 104 p. : il. ; 28 cm + folheto 
490 0 |a Roadmap da Economia Criativa 
546 |a Português 
650 1 0 |a Rotas estratégicas - Espírito Santo (Estado)  |9 55014 
650 1 0 |a Indústria - Espírito Santo (Estado)  |9 54737 
650 1 0 |a Economia criativa - Espírito Santo (Estado)  |9 54276 
650 1 0 |a Planejamento - Espírito Santo (Estado)  |9 55015 
650 1 0 |a Futuro - Espírito Santo (Estado)  |9 55016 
650 1 0 |a Desenvolvimento regional - Espírito Santo (Estado)  |9 54236 
650 1 0 |a Desenvolvimento sustentável - Espírito Santo (Estado)  |9 54384 
700 1 |a Varejão, Silvia Buzzone de Souza (coord.)  |9 55017 
700 1 |a Silva, Marília Gabriela Elias da (coord.)  |9 55018 
700 1 |a Almeida, Gabriela Vichi Abel de  |9 55019 
700 1 |a Araujo, Lucas Teixeira  |9 55020 
700 1 |a Carvalho, Samara Poppe  |9 55021 
700 1 |a Duarte, Jordana Teatini  |9 55022 
700 1 |a Diirr, Nathan Marques  |9 55023 
700 1 |a Ferreira, Taís Regina da Silva  |9 55024 
700 1 |a Leal, Rafael Almeida  |9 55025 
700 1 |a Lemos, Maria Isabel Louzada  |9 55026 
700 1 |a Machado, Jane Alves  |9 55027 
700 1 |a Meira, Suiani Febroni  |9 55028 
700 1 |a Miqueletto, Paula Brandão  |9 55029 
700 1 |a Motoki, Patricia Sakaguti  |9 55030 
700 1 |a Morais, Marcos Vinicius Chaves  |9 55031 
700 1 |a Mozer, Thais Maria  |9 55032 
700 1 |a Renault, Gregory  |9 55033 
700 1 |a Rocha, Grazielly da Silva  |9 55034 
700 1 |a Thomazelli, Joelson Carletti  |9 55035 
710 2 |a Serviço de Apoio às micro e Pequenas Empresas do Espírito Santo - SEBRAE  |9 55036 
710 2 |a Secretaria da Cultura do Espírito Santo - SECULT  |9 54667 
720 1 |a Nunes, Alan Torres 
720 1 |a Aguilar, Balmore Alírio Cruz 
720 1 |a Santos, Bruno Novais Matias dos 
720 1 |a Ferreira, Carolina Coelho 
720 1 |a Venturim, Cristiano 
720 1 |a Santos, Flaviana Silva de Oliveira 
720 1 |a Brunoro Junior, Francisco Carlos 
720 1 |a Brito, Mirian de 
720 1 |a Villagra, Katia 
720 1 |a Bonn, Mateus 
856 4 1 |u https://observatoriofindes.com.br/wp-content/uploads/2024/12/rota_economia_criativa_2035-1.pdf 
856 4 1 |u https://observatoriofindes.com.br/wp-content/uploads/2024/12/roadmap_economia_criativa_2035-1.pdf 
856 4 2 |u https://observatoriofindes.com.br/rotas-estrategicas/ 
942 |c DES 
952 |0 0  |1 0  |3 Brochura  |4 0  |5 0  |7 0  |9 358332  |a BIBLIO  |b BIBLIO  |c ES02109  |d 2026-06-30  |e Doação  |l 0  |p 349668  |r 2026-06-30 16:21:44  |w 2026-06-30  |y DES 
999 |c 353788  |d 353788